00948 a2200205 4500003000500000005001700005040000900022082001600031100004500047245016800092260004000260300001100300505018100311650002300492651002000515700004700535942001200582999001900594952012900613NUST20251121182954.0 cNust a621.382,KHA aKhayam , NC Muhammad (TCC-17)9131998 aGeneration of multiclass optical orthogonal codes & simulation of optical CDMA system /cNC Muhammad Khayam, NC Nasir Hakeem, Capt Umar Iftikhar and PC Zain Tahir. aRawalpindibMCS (NUST)cAugust 2009 a47 p.; aIntroduction to Optical CDMA (Page-1), Optical Orthogonal Codes (Page-11), Greedy Algorithm (Page-21), Simulation of Optical CDMA System (Page-35), Future Work Areas (Page-43). aUG Projects998716 aTCC-17B9131348 aSupervised by Maj Dr. Adnan Rashdi9131999 cPR2ddc c184066d184066 00102ddc4070aMCSbMCScREFd2016-12-12o621.382,KHApMCSPTC-114r2016-12-08w2016-12-12yPRzAlmirah No. 94, Shelf No. 3